| 000 | 00820nam a22002175i 4500 | ||
|---|---|---|---|
| 001 | 161762 | ||
| 003 | ES-MaACL | ||
| 005 | 20230906212344.0 | ||
| 008 | 020905s1888 fr |||| | fre d | ||
| 040 |
_aCCPB | B _bspa _cCCPB | B |
||
| 100 | 1 |
_aPérez, Bernard. _990560 |
|
| 245 | 1 | 2 |
_aL'education morale dès le berceau _b: essai de psychologie appliquée / _cpar Bernard Pérez. |
| 250 | _a2ème éd., entièrement refondue. | ||
| 260 |
_aParis : _bancienne Librairie Germen Bailliere et C\pie\s, Félix Alcan, éditeur, _c1888 ( _eTours : _fImprimerie E. Arrault et C\pie\s) |
||
| 300 |
_aXXIV, 320 p. ; _c21 cm. |
||
| 600 | 0 | 4 |
_aSócrates- _xPensamiento filosófico. _9223531 |
| 752 |
_aFrancia - _dParís |
||
| 752 |
_aFrancia - _dTours |
||
| 852 |
_aES-MaACL _jB-7017 _z-- Enc. pasta |
||
| 999 |
_c161762 _d161762 |
||